00633nam a22001817a 450000500170000000800410001705000200005824500750007825000110015326000670016430000210023150400320025265000200028465000300030470000430033470000380037770000360041520230301083049.0230227b mx ||||| |||| 00| 0 spa d04aBD165bE65 200700aEpistemología y derechoc / José Alfonso Bouzas Ortíz,...[et al] a1a ed. aMéxico :bUniversidad Nacional Autónoma de México,c2007 a353 p. ;c21 cm. aBibliografía : p. 319-346 4aEpistemología 7aTeoría del conocimiento1 aBouzas Ortíz, José Alfonso,eautor1 aCirión Lee, Juan José,eautor1 aGómez Gallardo, Perla,eautor